[Event "AUTO-ADV-499"]
[Site "http://www.queenalice.com/game.php?id=214533"]
[Date "2007.5.22"]
[Round "1"]
[White "kings64"]
[Black "Misplaced_Pawn"]
[Result "1-0"]
[WhiteElo "1790"]
[BlackElo "1858"]

1. e4 c5 2. Nf3 d6 3. d4 cxd4 4. Nxd4 Nf6 5. Nc3 a6 6. Be2 e6 7. O-O Be7 8. Be3
O-O 9. f4 d5 10. e5 Nfd7 11. a3 Nc6 12. Rc1 Nb6 13. Bd3 Bc5 14. Nce2 Nc4 15.
Bxc4 dxc4 16. c3 b5 17. Bf2 Qd7 18. Qc2 Bb7 19. Rcd1 Qc7 20. Kh1 Ne7 21. Ng3 Nd5
22. f5 Nf4 23. Nf3 Bxf3 24. gxf3 Bxf2 25. Rxf2 Qxe5 26. Qe4 Qxe4 27. fxe4 Nd3
28. Rg2 Rad8 29. Rf1 g6 30. h4 e5 31. Kh2 Nf4 32. Rgf2 Rd3 33. fxg6 hxg6 34. a4
Rfd8 35. Ne2 Rh3+ 36. Kg1 Nd3 37. Rxf7 Re3 38. Ra7 Rf8 39. Rxf8+ Kxf8 40. Kf1
bxa4 41. Rxa6 1-0

[Event "AUTO-ADV-499"]
[Site "http://www.queenalice.com/game.php?id=214548"]
[Date "2007.5.22"]
[Round "1"]
[White "Lightningzap007"]
[Black "kings64"]
[Result "1-0"]
[WhiteElo "1886"]
[BlackElo "1869"]

1. e4 c5 2. d4 cxd4 3. c3 dxc3 4. Nxc3 a6 5. Bc4 e6 6. Nf3 Qc7 7. Bb3 Nc6 8. Be3
Nf6 9. Rc1 Bb4 10. Qd3 Ne5 11. Nxe5 Qxe5 12. f3 O-O 13. O-O Bxc3 14. Rxc3 b5 15.
Bd4 Qg5 16. Bxf6 Qxf6 17. a3 h6 18. f4 Rd8 19. f5 e5 20. Qd5 Ra7 21. Qc5 1-0

[Event "AUTO-ADV-499"]
[Site "http://www.queenalice.com/game.php?id=214549"]
[Date "2007.5.22"]
[Round "1"]
[White "kings64"]
[Black "Lightningzap007"]
[Result "0-1"]
[WhiteElo "1888"]
[BlackElo "1867"]

1. e4 e6 2. d4 d5 3. e5 c5 4. Bb5+ Bd7 5. Bxd7+ Qxd7 6. c3 Nc6 7. Ne2 cxd4 8.
cxd4 Bb4+ 9. Nbc3 Nge7 10. O-O a6 11. a3 Bxc3 12. bxc3 Na5 13. Rb1 b5 14. h3 Nc4
15. f4 Nf5 16. Qd3 h5 17. Ng3 Nxg3 18. Qxg3 g6 19. Qf3 Qe7 20. Ra1 Rc8 0-1

[Event "AUTO-ADV-499"]
[Site "http://www.queenalice.com/game.php?id=214560"]
[Date "2007.5.22"]
[Round "1"]
[White "kings64"]
[Black "Nakgada"]
[Result "1-0"]
[WhiteElo "1875"]
[BlackElo "1816"]

1. e4 e6 2. d4 c5 3. c3 Nf6 4. Bg5 Be7 5. Bxf6 Bxf6 6. Nf3 cxd4 7. e5 Be7 8.
cxd4 Bb4+ 9. Nc3 Qa5 10. Qc2 Nc6 11. Be2 b6 12. O-O Ba6 13. Bxa6 Qxa6 14. a3
Bxc3 15. bxc3 O-O 16. Ng5 g6 17. Qe4 Ne7 18. Qh4 h5 19. g4 Kg7 20. gxh5 Rh8 21.
Qe4 Rxh5 22. Nxe6+ dxe6 23. Qxa8 Qe2 24. Qg2 Nf5 25. f4 Qe3+ 26. Qf2 Qxc3 27. d5
exd5 28. a4 Ne3 29. Qe1 Qd4 30. Qf2 g5 31. Rfd1 Qc3 32. Rac1 Qb3 33. Re1 Rh3 34.
fxg5 Ng4 35. Qf4 Rh4 36. e6 Kg6 37. exf7 1-0

[Event "AUTO-ADV-499"]
[Site "http://www.queenalice.com/game.php?id=214561"]
[Date "2007.5.22"]
[Round "1"]
[White "Nakgada"]
[Black "kings64"]
[Result "0-1"]
[WhiteElo "1816"]
[BlackElo "1900"]

1. d4 Nf6 2. Bg5 d5 3. Bxf6 exf6 4. e3 Bd6 5. c4 c6 6. c5 Bc7 7. b4 O-O 8. Nf3
Re8 9. b5 h6 10. Qa4 cxb5 11. Bxb5 Bd7 12. O-O Nc6 13. Nc3 a6 14. Bxc6 Bxc6 15.
Qc2 Qe7 16. Qf5 Rad8 17. Nh4 Bb8 18. Qg4 Qc7 19. g3 Bd7 20. Qh5 Be6 21. Ne2 Qd7
22. f3 Bh3 23. Rfe1 Rxe3 24. Nf4 Rxe1+ 25. Rxe1 Bxf4 26. gxf4 Re8 27. Rxe8+ Qxe8
28. Kf2 Qb5 29. Qxd5 Qf1+ 30. Kg3 g5 31. fxg5 hxg5 32. Qe4 gxh4+ 33. Kxh4 Qg2
34. Qf4 Be6 35. Qg3+ Qxg3+ 36. Kxg3 Bxa2 37. Kf4 Bd5 38. Kf5 a5 39. Kxf6 a4 40.
Ke5 Bxf3 41. d5 Kf8 0-1

[Event "Challenge"]
[Site "http://www.queenalice.com/game.php?id=216613"]
[Date "2007.5.26"]
[Round "-"]
[White "technicaldraw"]
[Black "kings64"]
[Result "1/2-1/2"]
[WhiteElo "2123"]
[BlackElo "1921"]

1. e4 c5 2. Nf3 d6 3. d4 cxd4 4. Nxd4 Nf6 5. Nc3 a6 6. Be3 e6 7. f3 Be7 8. Qd2
Qc7 9. g4 Nc6 10. O-O-O b5 11. a3 b4 12. Nxc6 Qxc6 13. axb4 O-O 14. Be2 Rb8 15.
g5 Nd7 16. h4 Ne5 17. Bf4 Ng6 18. Be3 Ne5 19. Bf4 Ng6 20. Be3 Ne5 1/2-1/2

[Event "Challenge"]
[Site "http://www.queenalice.com/game.php?id=221734"]
[Date "2007.6.7"]
[Round "-"]
[White "fertaka"]
[Black "kings64"]
[Result "1-0"]
[WhiteElo "1854"]
[BlackElo "1922"]

1. d4 Nf6 2. c4 e6 3. Bf4 d5 4. c5 Be7 5. Nc3 a6 6. Nf3 O-O 7. Qc2 Re8 8. e3 b5
9. h3 c6 10. Bd3 Nbd7 11. g4 Nf8 12. Ne5 Bb7 13. f3 N6d7 14. g5 Nxe5 15. Bxe5 f6
16. gxf6 Bxf6 17. Bxf6 Qxf6 18. f4 Bc8 19. O-O-O b4 20. Na4 Nd7 21. Rdf1 a5 22.
Bxh7+ Kf8 23. Bg6 Rd8 24. h4 Ke7 25. h5 Ba6 26. Rf2 Rab8 27. b3 Rh8 28. Rfh2 Rh6
29. Qf2 Rf8 30. Rh4 Bb5 31. e4 dxe4 32. Bxe4 1-0

[Event "Challenge"]
[Site "http://www.queenalice.com/game.php?id=222031"]
[Date "2007.6.7"]
[Round "-"]
[White "waldi"]
[Black "kings64"]
[Result "1-0"]
[WhiteElo "1904"]
[BlackElo "1840"]

1. e4 d5 2. exd5 Qxd5 3. Nc3 Qd8 4. d4 Nf6 5. Bb5+ c6 6. Bc4 Bf5 7. Bg5 h6 8.
Bxf6 exf6 9. Qe2+ Be7 10. O-O-O O-O 11. Qh5 Bg6 12. Qxg6 b5 13. Bb3 a5 14. a3
1-0

[Event "Challenge"]
[Site "http://www.queenalice.com/game.php?id=222037"]
[Date "2007.6.7"]
[Round "-"]
[White "waldi"]
[Black "kings64"]
[Result "1-0"]
[WhiteElo "1917"]
[BlackElo "1827"]

1. e4 d5 2. exd5 Nf6 3. Nc3 Nxd5 4. Nxd5 Qxd5 5. d4 e5 6. Nf3 Bg4 7. Be2 exd4 8.
O-O Bc5 9. Re1 O-O 10. c4 Qd6 11. Qc2 h6 12. Ng5 hxg5 13. Bxg4 Nc6 14. Bxg5 1-0

[Event "QA-ANNIV-03"]
[Site "http://www.queenalice.com/game.php?id=225822"]
[Date "2007.6.15"]
[Round "1"]
[White "kings64"]
[Black "Edgar"]
[Result "0-1"]
[WhiteElo "1928"]
[BlackElo "2200"]

1. e4 e5 2. Nf3 Nc6 3. Bc4 Nf6 4. d3 Be7 5. c3 O-O 6. O-O d6 7. h3 Na5 8. Bb5 a6
9. Ba4 b5 10. Bc2 c5 11. Be3 Bb7 12. Re1 Qc7 13. Nbd2 d5 14. exd5 Nxd5 15. Bg5
Bxg5 16. Nxg5 h6 17. Ngf3 Nf4 18. Rxe5 Nxg2 19. Ne4 f5 20. Ned2 Nf4 21. Qf1 Qd6
22. Re3 Bd5 23. a4 Nc6 24. axb5 axb5 25. Rxa8 Rxa8 26. c4 bxc4 27. dxc4 Be6 28.
Kh1 Nd4 29. Nxd4 cxd4 30. Rf3 g5 31. Bb3 Bf7 32. Qd1 Qc6 33. Kh2 Bh5 34. Qh1
Bxf3 35. Qxf3 Qc8 36. c5+ Kg7 37. h4 Ra1 38. Qg3 Qc6 39. Nf3 Kf8 40. Ng1 Rf1 41.
Bc4 d3 0-1

[Event "Challenge"]
[Site "http://www.queenalice.com/game.php?id=226306"]
[Date "2007.6.16"]
[Round "-"]
[White "mustangmike"]
[Black "kings64"]
[Result "0-1"]
[WhiteElo "1670"]
[BlackElo "1921"]

1. e4 c5 2. Nc3 d6 3. Bc4 Nf6 4. Nf3 e6 5. d3 Be7 6. e5 dxe5 7. Nxe5 O-O 8. Qf3
a6 9. O-O Qc7 10. Qg3 Re8 11. Bf4 Qd8 12. Rfd1 Nh5 13. Qf3 Nxf4 14. Qxf4 Bf6 15.
Re1 b5 16. Bxb5 axb5 17. Nxb5 Qb6 18. Nc4 Qxb5 19. Nd6 Qd7 20. Nxe8 Qxe8 21. Qc1
Qc6 22. a3 Bb7 23. f3 Nd7 24. c3 Ne5 25. Qe3 Rd8 26. h3 Rxd3 27. Qe2 c4 28. f4
Rg3 0-1

[Event "Challenge"]
[Site "http://www.queenalice.com/game.php?id=226320"]
[Date "2007.6.16"]
[Round "-"]
[White "orinto"]
[Black "kings64"]
[Result "1-0"]
[WhiteElo "2033"]
[BlackElo "1900"]

1. d4 Nf6 2. c4 e6 3. Nf3 b6 4. g3 Bb7 5. Bg2 d5 6. cxd5 exd5 7. O-O Bd6 8. Nc3
O-O 9. Nb5 Be7 10. Bf4 Bd6 11. Nxd6 cxd6 12. Rc1 Nc6 13. a3 Re8 14. b4 Ba6 15.
Re1 Ne7 16. Bg5 Ng6 17. a4 h6 18. Bxf6 Qxf6 19. b5 Bb7 20. Rc7 Re7 21. Qc2 Qe6
22. e3 Rc8 23. Rxc8+ Bxc8 24. Rc1 Bb7 25. a5 1-0

[Event "Challenge"]
[Site "http://www.queenalice.com/game.php?id=227921"]
[Date "2007.6.20"]
[Round "-"]
[White "gogi05"]
[Black "kings64"]
[Result "1-0"]
[WhiteElo "1931"]
[BlackElo "1853"]

1. e4 d5 2. e5 Nc6 3. Bb5 Bd7 4. Bxc6 bxc6 5. b3 f6 6. Bb2 fxe5 7. Bxe5 Nf6 8.
Nf3 e6 9. O-O Bd6 10. Re1 O-O 11. d4 Ng4 12. h3 Nxe5 13. dxe5 Bc5 14. Nbd2 Qe7
15. c3 Rf7 16. a4 a6 17. Nf1 Raf8 18. Ra2 Ba7 19. Qd3 Bc8 20. Ng3 c5 21. h4 Bb7
22. Ng5 g6 23. Nxf7 Qxf7 24. c4 Bb6 25. a5 Ba7 26. Rf1 Qf4 27. h5 g5 28. Re2 Bc6
29. Qd2 Qxd2 30. Rxd2 h6 31. f3 Rb8 32. Rd3 Rf8 33. Nh1 Kg7 34. Nf2 Rd8 35. Ng4
d4 36. Nf6 Be8 37. Nxe8+ Rxe8 38. g4 c6 39. Kg2 Rf8 40. Re1 Bb8 41. Rb1 1-0